00512nam a2200181 a 4500001001300000003000900013005001700022008004100039020002300080082001600103100002100119245005400140260004500194300000900239500003500248650002600283700002100309nice12345678IN_TiNIC20260116014225.0070829s1994 dela grp 000 0 eng  a818561847X c15000a954.03bJON aJones, Kenneth W aSocio-Religious Reform Movements in British India aDelhibCambridge University Press c1994 a243p aincludes index and biblioraphy aBritish-India History1 aJones, Kenneth W